00507nam a22001457a 4500008004100000020001500041050002300056100002100079245011000100260003100210300001400241650003300255650003600288650003700324220721b |||||||| |||| 00| 0 eng d a0805815511 aHD30.3b.H43 1994  aHeath, Robert L. aManagement of Corporate Communication:bFrom International Contacts to External affairs/ cRobert L. Heat aNew YorkbRoutledge c1994 aix, 306p. aCommunication in management  aCommunication in organizations  aPublic relations vcorporations